000 00815cam a22002054a 4500
005 20250605164147.0
008 250528s ||||||||||||||||||||||||d
035 _a19212
020 _a873229568
040 _aGR-AtMCL
_bgre
_dGR-AtMCL
_eAACR2
245 1 _aPsychological Dynamics of Sport and Exercise / Second Edition
250 _a2nd
260 _bHuman Kinetics,
_c2000
300 _a358
520 _aA must-have for a complete, succinct overview of sport and exercise psychology. Acknowledgements, Preface, Overview of Sport and Exercise Psychology, Individual Characteristics Influencing Sport and Exercise Behavior, Motivation, Psychological Interventions for Individuals, Social Processes, Epilogue, Index.
700 1 _aGill Diane L
_95451
942 _cBK
999 _c4479
_d4479